LDR 01044naa#a2200169#i#450# 001 RU\INFRA-M\bibl\113586 005 20260513205605.3 011 ## _a1998-1740 100 ## _a20260430b2026####ek#y0rusy0150####ca 102 ## _aRU 200 1# _aПрофессиональная подготовка специалистов социально-культурной деятельности в условиях развития современных цифровых технологий _eЖурнальная статья 210 1# _aМосква _cОбщество с ограниченной ответственностью «Научно-издательский центр ИНФРА-М» _d2026 215 ## _a5 с. 608 ## _aЖурнальная статья _2local 675 ## _aВысшее образование. Высшая школа. Подготовка научных кадров. 378 _aОбразование. Воспитание. Обучение. Организация досуга. 37 _z 700 #1 _aКоргожа _gН. C. 856 4# _anaukaru.ru _u